00508nam a2200169 i 4500001000300000100001700003245005900020260002100079040000800100041000800108080001000116942000700126008004100133999001700174856009800191952004900289bg1 aBARON, Karol 0aFunctional equations of infinite order /cKarol Baron. aKatowice,c1978. cBPK apol a517.9 cKS s pl f |000 0 pol  c20688d20688 uhttp://koha.tu.koszalin.pl/cgi-bin/koha/opac-detail.pl?biblionumber=20688yKatalog online BPK 00104070aBPKbBPKcwo29100p01621358yKS